Normal view
MARC view
- Waked, khalil ibrahim
Entry Personal Name
001 - CONTROL NUMBER
- control field: 4212
003 - CONTROL NUMBER IDENTIFIER
- control field: JO-AjAnu
005 - DATE AND TIME OF LATEST TRANSACTION
- control field: 20230606071005.0
008 - FIXED-LENGTH DATA ELEMENTS
- fixed length control field: 230606|| aca||aabn | a|a d
040 ## - CATALOGING SOURCE
- Original cataloging agency: JO-AjAnu
- Transcribing agency: JO-AjAnu
100 ## - HEADING--PERSONAL NAME
- Personal name: Waked, khalil ibrahim
670 ## - SOURCE DATA FOUND
- Source citation: Work cat.: (JO-AjAnu)2189: Waked, khalil ibrahim, author, Design of Reinforced Concrete Beams :According to New egyptian code concept203-2001